| 000 | 00461nam a2200133 a 4500 | ||
|---|---|---|---|
| 008 | 120416s1989 xx |||||||||||||| || u | ||
| 050 | _aREF TH 9 Bre | ||
| 100 | _aBrett, Peter | ||
| 245 | 1 | 0 | _aBuilding terminology |
| 246 | _aan illustrated reference guide for practioners and students | ||
| 260 | _c1989 | ||
| 350 | _a0.00 | ||
| 995 |
_D0.00 _FCBU-MAIN LIBRARY (Kitwe) _H1 _I37.00 _M1 _UDAMAGED _ZReference Collection |
||
| 999 |
_c36324 _d36324 |
||